[Event "Indywidualne Mistrzostwa Polski Juniorow do lat 16 - Chlopcy"]
[Site "Szklarska Poreba"]
[Date "1899-12-30"]
[Round "3.2"]
[White "Redzisz, Michal"]
[Black "Baum, Jonasz"]
[Result "0-1"]
[WhiteTitle "k"]
[BlackTitle "FM"]
[WhiteElo "2117"]
[BlackElo "2290"]

1. e4 c5 2. Nf3 d6 3. Bb5+ Nd7 4. d4 cxd4 5. Qxd4 a6 6. Bxd7+ Qxd7 7. Nc3 e5 8.
Qd3 Qc6 9. O-O Be6 10. Nd5 f5 11. Rd1 fxe4 12. Qxe4 Nf6 13. Nxf6+ gxf6 14. Qxc6+
bxc6 15. Bd2 d5 16. b4 Kf7 17. c3 Rg8 18. Kf1 Rb8 19. Rac1 c5 20. a3 a5 21. bxa5
c4 22. Rb1 Bxa3 23. Rxb8 Rxb8 24. Ra1 Bb2 25. Ra2 d4 26. a6 dxc3 27. a7 Ra8 28.
Be3 Bf5 29. Ke1 Bc2 30. Ng1 Bb3 31. Ra6 c2 32. Ne2 c3 33. Rc6 Kg6 34. f4 exf4
35. Nxf4+ Kf5 36. Ne2 Ke4 37. Kf2 Kd5 38. Rc7 Ba4 39. Nxc3+ Bxc3 40. Rxc3 Ke6
41. Rc7 h5 42. Ke2 Bb3 43. Kd2 Bd5 44. g3 Be4 45. Kc1 Kf5 46. h3 Rd8 47. Kb2 Kg6
48. Bf4 f5 49. Re7 Kf6 50. Rc7 Kg6 51. Re7 Kf6 52. Rxe4 fxe4 53. Bb8 Rd1 54. Kxc2
Ra1 55. Kd2 Kf5 56. Ke3 Ra3+ 57. Ke2 Ke6 58. Kf2 Kd5 59. Ke2 Kd4 60. Bf4 Ra2+
61. Bd2 Ke5 62. Ke3 Ra3+ 63. Ke2 Rxa7 64. g4 hxg4 65. hxg4 Ra3 66. g5 Kd4 67.
Be1 Ra2+ 68. Kf1 Ke3 69. g6 Kf3 70. g7 Rg2 71. Bc3 e3 72. Bd4 Rg4 0-1

[Event "Indywidualne Mistrzostwa Polski Juniorow do lat 16 - Chlopcy"]
[Site "Szklarska Poreba"]
[Date "1899-12-30"]
[Round "3.3"]
[White "Mis, Mieszko"]
[Black "Fiedorek, Michal"]
[Result "1-0"]
[WhiteTitle "FM"]
[BlackTitle "k"]
[WhiteElo "2272"]
[BlackElo "2049"]

1. Nf3 Nf6 2. g3 g6 3. Bg2 Bg7 4. O-O O-O 5. d4 d6 6. c4 Nbd7 7. Nc3 e5 8. dxe5
dxe5 9. Qb3 c6 10. Rd1 Qe7 11. h3 Re8 12. Be3 Nc5 13. Qa3 Bf8 14. Rac1 a5 15.
b3 Nfd7 16. Qb2 f5 17. Qd2 Ne6 18. Bh6 Nd4 19. Bxf8 Nxf3+ 20. exf3 Nxf8 21. Re1
Qc7 22. Re2 Be6 23. Rce1 Rad8 24. Qb2 Bf7 25. Na4 Nd7 26. c5 Re7 27. Qc3 Rde8
28. f4 Bd5 29. fxe5 Bxg2 30. Kxg2 Rxe5 31. Rxe5 Rxe5 32. Qc4+ Kf8 33. Rd1 Nf6
34. Nb6 Qe7 35. Rd6 Re1 36. Rxf6+ 1-0

[Event "Indywidualne Mistrzostwa Polski Juniorow do lat 16 - Chlopcy"]
[Site "Szklarska Poreba"]
[Date "1899-12-30"]
[Round "3.4"]
[White "Niedbala, Bartlomiej"]
[Black "Czopor, Maciej"]
[Result "1/2-1/2"]
[WhiteTitle "I++"]
[BlackTitle "k"]
[WhiteElo "2087"]
[BlackElo "2229"]

1. e4 c5 2. Nf3 e6 3. d4 cxd4 4. Nxd4 Nf6 5. Nc3 d6 6. g3 Be7 7. Bg2 O-O 8. O-O
Nc6 9. Re1 Bd7 10. Nxc6 Bxc6 11. a4 Qc7 12. Nb5 Bxb5 13. axb5 a6 14. bxa6 Rxa6
15. Rxa6 bxa6 16. Qd3 Qb6 17. b3 a5 18. Be3 Qc7 19. Ra1 Rb8 20. Bd2 Ng4 21. Rxa5
Bf6 22. Ra2 Qc5 23. Qe2 Ne5 24. Be3 Qc8 25. h3 Nc6 26. Qd2 Qc7 27. Ra4 Qd7 28.
Kh2 g6 29. Ra6 Be7 30. Qc3 Rc8 31. Qd2 Bf8 32. c3 Rb8 33. b4 Ne5 34. Qe2 Qc8 35.
Bd4 Nc6 36. Bf6 Ne5 37. Bxe5 dxe5 38. Qd3 Qc7 39. Ra3 Qb6 40. Qe2 h5 41. h4 Rd8
42. Ra6 Qc7 43. Qe3 Rc8 44. Ra3 Qc4 45. Qf3 Qc7 46. Bf1 Rd8 47. Qe3 Rc8 48. Be2
Qc6 49. Qf3 Qb6 50. Ra5 Rxc3 51. Qxc3 Qxf2+ 52. Kh1 Qxe2 53. Qxe5 Bg7 54. Qf4
e5 55. Rxe5 Bxe5 56. Qxe5 1/2-1/2

[Event "Indywidualne Mistrzostwa Polski Juniorow do lat 16 - Chlopcy"]
[Site "Szklarska Poreba"]
[Date "1899-12-30"]
[Round "3.5"]
[White "Bachor, Tomasz"]
[Black "Suder, Jakub"]
[Result "1/2-1/2"]
[WhiteTitle "I+"]
[BlackTitle "I++"]
[WhiteElo "2010"]
[BlackElo "1868"]

1. d4 d5 2. c4 e6 3. Nc3 a6 4. cxd5 exd5 5. Bf4 Nf6 6. e3 Bd6 7. Bg5 c6 8. Bd3
Nbd7 9. Nge2 O-O 10. Qc2 Qc7 11. Rc1 Qb8 12. Bf4 Re8 13. O-O g6 14. b4 Nh5 15.
Bxd6 Qxd6 16. Qb3 b5 17. e4 Nb6 18. e5 Qe7 19. f4 Ng7 20. Ng3 f5 21. Nd1 Nc4 22.
Qc3 Bd7 23. a4 Rf8 24. a5 Be6 25. Ne2 Kf7 26. Rc2 Rad8 27. Nc1 Bc8 28. Nb3 Qa7
29. Rcf2 h5 30. Be2 Rh8 31. Rf3 Ne6 32. Kh1 Qe7 33. Nb2 Nxb2 34. Qxb2 Qxb4 1/2-1/2

[Event "Indywidualne Mistrzostwa Polski Juniorow do lat 16 - Chlopcy"]
[Site "Szklarska Poreba"]
[Date "1899-12-30"]
[Round "3.6"]
[White "Szczurek, Krzysztof"]
[Black "Sanz Wawer, Daniel"]
[Result "1/2-1/2"]
[WhiteTitle "FM"]
[BlackTitle "k"]
[WhiteElo "2164"]
[BlackElo "2146"]

1. e4 c6 2. d4 d5 3. exd5 cxd5 4. Bd3 Nc6 5. c3 Nf6 6. Bf4 g6 7. Nd2 Bg7 8. h3
O-O 9. Ngf3 a6 10. Qe2 Nh5 11. Bh2 Bh6 12. O-O-O Nf4 13. Bxf4 Bxf4 14. Kb1 Qc7
15. Bc2 b5 16. Nb3 Rb8 17. g3 Bh6 18. h4 Bg4 19. h5 Kg7 20. Rh4 Qc8 21. Rdh1 g5
22. R4h2 b4 23. Qd3 Rh8 24. Re1 bxc3 25. bxc3 e6 26. Ne5 Nxe5 27. dxe5 a5 28.
Qd4 Qc4 29. Ka1 Rhc8 30. Qxc4 Rxc4 31. Re3 f5 1/2-1/2

[Event "Indywidualne Mistrzostwa Polski Juniorow do lat 16 - Chlopcy"]
[Site "Szklarska Poreba"]
[Date "1899-12-30"]
[Round "3.7"]
[White "Kopec, Norbert"]
[Black "Kozlowski, Michal"]
[Result "0-1"]
[WhiteTitle "I"]
[BlackTitle "I+"]
[WhiteElo "1826"]
[BlackElo "1826"]

1. e4 c5 2. Nf3 Nc6 3. d4 cxd4 4. Nxd4 e5 5. Nb5 d6 6. a4 a6 7. N5c3 Be7 8. Na3
Be6 9. Bc4 Nf6 10. Bg5 O-O 11. Bxf6 Bxf6 12. O-O Rc8 13. Nd5 Bg5 14. c3 g6 15.
Qe2 Kg7 16. Rfd1 Na5 17. Ba2 h5 18. b4 Nc6 19. Nc4 Bg4 20. f3 Be6 21. a5 f5 22.
Ndb6 Bxc4 23. Nxc4 Be7 24. Rd3 fxe4 25. Qxe4 Qc7 26. Nb6 Rcd8 27. Rad1 Na7 28.
Bd5 Rb8 29. Be6 Nb5 30. Qe3 Rh8 31. Bc4 Na3 32. Ba2 Nb5 33. c4 Nd4 34. Nd5 Qd7
35. Nxe7 Qxe7 36. Rxd4 Rhd8 37. Rd5 Rbc8 38. f4 Qf6 39. fxe5 dxe5 40. Qxe5 Qxe5
41. Rxe5 Rxd1+ 42. Kf2 Rf8+ 43. Ke2 Rdf1 44. Kd3 R8f2 45. Re2 Rxe2 46. Kxe2 Ra1
47. Bb3 Rb1 48. Bc2 Rxb4 49. Kd3 Rb2 50. Kc3 Ra2 51. Be4 Rxa5 52. Bxb7 Kf6 53.
Kd4 Ke6 54. Bc6 Kd6 55. Bb7 Ra4 56. h4 a5 57. Be4 Rb4 58. Bxg6 a4 59. Kc3 Kc5
60. Bc2 Rxc4+ 61. Kb2 Kb4 0-1

[Event "Indywidualne Mistrzostwa Polski Juniorow do lat 16 - Chlopcy"]
[Site "Szklarska Poreba"]
[Date "1899-12-30"]
[Round "3.8"]
[White "Czechowski, Jakub"]
[Black "Strzelecki, Maciej"]
[Result "1/2-1/2"]
[WhiteTitle "I"]
[BlackTitle "k"]
[WhiteElo "1865"]
[BlackElo "2032"]

1. d4 Nf6 2. c4 g6 3. Nc3 Bg7 4. e4 d6 5. Nf3 O-O 6. Be2 e5 7. dxe5 dxe5 8. Qxd8
Rxd8 9. Bg5 c6 10. Nxe5 Re8 11. O-O-O Nxe4 12. Nxe4 Bxe5 13. f4 f5 14. fxe5 fxe4
15. h4 Be6 16. h5 Nd7 17. hxg6 hxg6 18. Bf6 Nxf6 19. exf6 Kf7 20. Rh7+ Kxf6 21.
Rxb7 Ke5 22. Kd2 Red8+ 23. Ke3 Rxd1 24. Bxd1 Bxc4 25. Bb3 Bd5 26. Bc2 a5 27. Bxe4
Bxe4 28. Re7+ Kd5 29. Rxe4 Rb8 30. b3 Rb4 31. Re8 a4 32. bxa4 Rxa4 33. Rg8 Rxa2
1/2-1/2

[Event "Indywidualne Mistrzostwa Polski Juniorow do lat 16 - Chlopcy"]
[Site "Szklarska Poreba"]
[Date "1899-12-30"]
[Round "3.9"]
[White "Derylo, Kamil"]
[Black "Golecki, Jan"]
[Result "0-1"]
[WhiteTitle "I"]
[BlackTitle "I++"]
[WhiteElo "1783"]
[BlackElo "1995"]

1. d4 d5 2. c4 e6 3. Nf3 a6 4. Nbd2 dxc4 5. Nxc4 b5 6. Nce5 c5 7. e3 c4 8. Nd2
Bb7 9. Nef3 Bb4 10. Be2 Nf6 11. O-O Nbd7 12. a3 Ba5 13. Qc2 Rc8 14. Qb1 Nd5 15.
Ne4 Qe7 16. Bd2 Bc7 17. Nc3 N7f6 18. Bd1 Nxc3 19. Bxc3 Be4 20. Bc2 Bxf3 21. gxf3
Nd5 22. Re1 Qg5+ 23. Kf1 Bxh2 24. Be4 Bd6 25. Ke2 g6 26. f4 Qe7 27. Kf1 O-O 28.
Qc2 Qc7 29. Bf3 a5 30. Bd2 Nb6 31. Bxa5 Qa7 32. Qd2 Na4 33. Bb4 Qe7 34. Bxd6 Qxd6
35. Rec1 Rfd8 36. Bd1 Nb6 37. Rc2 Qd5 38. f3 Na4 39. Rac1 Nc5 40. Rc3 Nd3 41.
Ra1 Qh5 42. Kg2 Qh4 43. b4 Ne1+ 44. Kg1 Qg3+ 45. Kf1 Nd3 46. Bc2 Qxf3+ 47. Kg1
Qg3+ 48. Kf1 Qf3+ 49. Kg1 Rd5 50. Bd1 Qg3+ 51. Kf1 Rf5 52. Rxd3 cxd3 53. Qxd3
Rxf4+ 0-1

[Event "Indywidualne Mistrzostwa Polski Juniorow do lat 16 - Chlopcy"]
[Site "Szklarska Poreba"]
[Date "1899-12-30"]
[Round "3.10"]
[White "Gorkiewicz, Mateusz"]
[Black "Kania, Dominik"]
[Result "1-0"]
[WhiteTitle "I"]
[BlackTitle "I"]
[WhiteElo "1990"]
[BlackElo "1759"]

1. e4 c6 2. d4 d5 3. e5 c5 4. dxc5 e6 5. Be3 Nd7 6. f4 Nxc5 7. Nf3 Nh6 8. Bd3 Bd7
9. O-O Be7 10. Nc3 Nxd3 11. Qxd3 Nf5 12. Bf2 O-O 13. g4 Nh4 14. Bxh4 Bxh4 15.
g5 Qb6+ 16. Kg2 d4 17. Qxd4 Qxb2 18. Nxh4 Bc6+ 19. Kg1 Rfd8 20. Qe3 Qxc2 21. Rf2
Qd3 22. Qxd3 Rxd3 23. Rc1 Rad8 24. Ng2 b5 25. Ne1 R3d7 26. Rb1 Rb7 27. Rd1 Rxd1
28. Nxd1 b4 29. Rc2 Rb6 30. Nd3 a5 31. Ne3 h6 32. gxh6 gxh6 33. Nc4 Ra6 34. Nc5
Ra7 35. Nb6 a4 36. Rb2 Ra5 37. Nd3 b3 38. axb3 a3 39. Ra2 Rb5 40. Nc4 Rxb3 41.
Rxa3 Rb1+ 42. Kf2 Rh1 43. Kg3 Rg1+ 44. Kh3 Bg2+ 45. Kh4 Bf3 46. Nf2 Be2 47. Ne3
Kg7 48. Neg4 Rf1 49. Rg3 Kf8 50. Nf6 Bb5 51. Nh3 Rh1 52. Rb3 Bc6 53. Rc3 Bb5 54.
Kg3 Kg7 55. Rb3 Bc6 56. Rb6 Rc1 57. Rb8 Kg6 58. Kg4 h5+ 59. Nxh5 Ba4 60. Rg8+
Kh6 61. Kh4 Rc2 62. Rh8+ Kg6 63. Rg8+ Kh6 64. f5 Rc4+ 65. N3f4 Kh7 66. Rg7+ Kh6
67. Rxf7 exf5 68. Rf6+ Kh7 69. Kg5 Rc2 70. Rf7+ Kg8 71. Ra7 Bb3 72. Nf6+ 1-0

[Event "Indywidualne Mistrzostwa Polski Juniorow do lat 16 - Chlopcy"]
[Site "Szklarska Poreba"]
[Date "1899-12-30"]
[Round "3.11"]
[White "Skurniak, Szymon"]
[Black "Jedrusik, Adam"]
[Result "1-0"]
[WhiteTitle "I"]
[BlackTitle "I"]
[WhiteElo "1970"]
[BlackElo "1693"]

1. e4 c6 2. d4 d5 3. Nc3 dxe4 4. Nxe4 Bf5 5. Ng3 Bg6 6. Nh3 Nf6 7. Nf4 e5 8. dxe5
Qa5+ 9. c3 Qxe5+ 10. Be2 Nbd7 11. O-O O-O-O 12. Qa4 Bc5 13. Nd3 Bxd3 14. Bxd3
g6 15. Bf4 Qe7 16. Qxc6+ bxc6 17. Ba6# 1-0

[Event "Indywidualne Mistrzostwa Polski Juniorow do lat 16 - Chlopcy"]
[Site "Szklarska Poreba"]
[Date "1899-12-30"]
[Round "3.12"]
[White "Lichorad, Mateusz"]
[Black "Ossolinski, Ziemowit"]
[Result "1/2-1/2"]
[WhiteTitle "I"]
[BlackTitle "I+"]
[WhiteElo "1752"]
[BlackElo "1946"]

1. d4 d5 2. Bf4 Nf6 3. e3 Bf5 4. Nf3 e6 5. Be2 Be7 6. Nbd2 h6 7. Ne5 O-O 8. O-O
Nbd7 9. Ndf3 Nxe5 10. Nxe5 c5 11. c3 Qb6 12. Qb3 c4 13. Qxb6 axb6 14. h3 Ra7 15.
a3 b5 16. f3 Rfa8 17. Rac1 Ne8 18. Ng4 Rc8 19. Nf2 Bh7 20. Rfe1 f5 21. Bd1 Nf6
22. Bh2 Kf7 23. Bc2 Ra6 24. Re2 Re8 25. Rce1 g6 26. Kf1 Bf8 27. Kg1 Be7 28. Kf1
Bf8 29. Kg1 Be7 30. Kf1 Bf8 1/2-1/2

[Event "Indywidualne Mistrzostwa Polski Juniorow do lat 16 - Chlopcy"]
[Site "Szklarska Poreba"]
[Date "1899-12-30"]
[Round "3.13"]
[White "Panek, Bartosz"]
[Black "Zabron, Maksym"]
[Result "1/2-1/2"]
[WhiteTitle "I"]
[BlackTitle "I"]
[WhiteElo "1946"]
[BlackElo "1678"]

1. d4 d6 2. c4 e5 3. d5 f5 4. Nc3 Nf6 5. f3 Be7 6. e4 O-O 7. Bd3 fxe4 8. Nxe4 Nxe4
9. Bxe4 Bf5 10. Bxf5 Rxf5 11. Qd3 Rf7 12. Ne2 Nd7 13. Be3 Bg5 14. O-O Bxe3+ 15.
Qxe3 Qh4 16. Rac1 b6 17. Qf2 Qg5 18. Nc3 Nf6 19. Rce1 Raf8 20. Qe3 Qh4 21. b3
a6 22. Qf2 Qg5 23. Qe3 Qh4 24. Qf2 Qg5 25. Qe3 Qh4 26. Qf2 1/2-1/2

[Event "Indywidualne Mistrzostwa Polski Juniorow do lat 16 - Chlopcy"]
[Site "Szklarska Poreba"]
[Date "1899-12-30"]
[Round "3.14"]
[White "Distel, Pawel"]
[Black "Kucharski, Bartlomiej"]
[Result "1/2-1/2"]
[WhiteTitle "I"]
[BlackTitle "I+"]
[WhiteElo "1751"]
[BlackElo "1945"]

1. e4 e5 2. Nf3 Nc6 3. Nc3 Bb4 4. Nd5 d6 5. Bb5 Bc5 6. d3 a6 7. Ba4 Nge7 8. c3
O-O 9. Nxe7+ Qxe7 10. h3 Kh8 11. Bg5 f6 12. Be3 b5 13. Bc2 Bb7 14. O-O Rad8 15.
d4 exd4 16. cxd4 Bb6 17. d5 Ne5 18. Bxb6 Nxf3+ 19. Qxf3 cxb6 20. Qd3 g6 21. Qd4
Rc8 22. Bd3 Qd8 23. Rac1 Kg7 24. Rxc8 Bxc8 25. Rc1 Bb7 26. b4 Rf7 27. Kh2 Re7
28. f4 Re8 29. g4 Kg8 30. Rc2 Kf7 31. Qc3 Qc8 32. Qc7+ Qxc7 33. Rxc7+ Re7 34.
Rxe7+ Kxe7 35. f5 g5 1/2-1/2

[Event "Indywidualne Mistrzostwa Polski Juniorow do lat 16 - Chlopcy"]
[Site "Szklarska Poreba"]
[Date "1899-12-30"]
[Round "3.15"]
[White "Dalkowski, Rafal"]
[Black "Mike, Patryk"]
[Result "1-0"]
[WhiteTitle "II"]
[BlackTitle "I+"]
[WhiteElo "1607"]
[BlackElo "1942"]

1. d4 Nf6 2. c4 e6 3. Nf3 b6 4. Nc3 Bb7 5. Bg5 Be7 6. e3 d6 7. Bd3 h6 8. Bh4 Nbd7
9. O-O O-O 10. Qe2 c5 11. Rfd1 a6 12. a3 Qc7 13. Rab1 d5 14. cxd5 exd5 15. dxc5
bxc5 16. Qd2 Nb6 17. b4 cxb4 18. axb4 Rac8 19. Rdc1 Qd7 20. Nd4 g6 21. Qa2 Ra8
22. Qc2 Kg7 23. b5 Nc4 24. Qe2 Ne5 25. Bg3 Nxd3 26. Qxd3 Nh5 27. Be5+ Bf6 28.
Bxf6+ Nxf6 29. Na4 Qd6 30. b6 Rfc8 31. Rc2 Rxc2 32. Nxc2 Nd7 33. Qc3+ f6 34. Qc7
Qxc7 35. bxc7 Bc8 36. Nb4 Bb7 37. Nd3 Bc6 38. Nb6 Nxb6 39. Rxb6 Bd7 40. Rb8 1-0

[Event "Indywidualne Mistrzostwa Polski Juniorow do lat 16 - Chlopcy"]
[Site "Szklarska Poreba"]
[Date "1899-12-30"]
[Round "3.16"]
[White "Kulesza, Andrzej"]
[Black "Jankowski, Igor"]
[Result "1-0"]
[WhiteTitle "I+"]
[BlackTitle "II+"]
[WhiteElo "1913"]
[BlackElo "1503"]

1. e4 c5 2. Nf3 Nc6 3. d4 cxd4 4. Nxd4 Nf6 5. Nc3 e5 6. Ndb5 d6 7. Bg5 a6 8. Na3
b5 9. Nd5 Be7 10. Bxf6 Bxf6 11. c3 Ne7 12. Nxf6+ gxf6 13. Qf3 f5 14. exf5 Bxf5
15. Bd3 Be6 16. O-O f5 17. Qh5+ Bf7 18. Qh6 f4 19. Nxb5 Bg6 20. Bxg6+ Nxg6 21.
Na3 Qf6 22. Rad1 Rd8 23. Nc4 f3 24. g3 Rg8 25. Ne3 Qf7 26. Nd5 Rg7 27. Rfe1 Kf8
28. Re3 Re8 29. c4 Re6 30. Rb3 Kg8 31. Qh5 Qd7 32. Rb8+ Nf8 33. Qxf3 Rf7 34. Qg4+
Rg7 35. Qe2 Qa7 36. Rb3 Ng6 37. Qe3 Qf7 38. Rb8+ Nf8 39. Rd3 e4 40. Ra3 h5 41.
Rxa6 Kh7 42. Qf4 Qg6 43. Qxf8 1-0

[Event "Indywidualne Mistrzostwa Polski Juniorow do lat 16 - Chlopcy"]
[Site "Szklarska Poreba"]
[Date "1899-12-30"]
[Round "3.17"]
[White "Majdanski, Maksymilian"]
[Black "Dixa, Oskar"]
[Result "0-1"]
[WhiteTitle "I"]
[BlackTitle "k"]
[WhiteElo "1686"]
[BlackElo "2101"]

1. d4 Nf6 2. c4 e6 3. Nc3 Bb4 4. e3 O-O 5. Bd3 c5 6. Nf3 d5 7. a3 Bxc3+ 8. bxc3
Qc7 9. Qe2 dxc4 10. Bxc4 b6 11. O-O Bb7 12. Bb2 Nbd7 13. Rac1 e5 14. Rfd1 Rfd8
15. Ng5 Rf8 16. a4 h6 17. Nf3 Rfd8 18. Ba3 Ne4 19. Bb3 Rac8 20. Qa2 c4 21. Bxc4
Qxc4 22. Qxc4 Rxc4 23. dxe5 Bc6 24. e6 fxe6 25. Ne5 Nxe5 26. Rxd8+ Kh7 27. Rd4
Rxc3 28. Rxc3 Nxc3 29. Rd6 Bd5 30. Bb4 Nxa4 31. e4 Bc4 32. f4 Nd3 33. Rd4 Bb5
34. g3 Nac5 35. Ba3 Bc6 36. e5 Bd5 37. Kf1 a5 38. Ke2 a4 39. Rxd3 Bc4 40. Bxc5
Bxd3+ 41. Kxd3 bxc5 42. g4 a3 43. Kc3 c4 44. f5 Kg8 45. h4 h5 0-1

[Event "Indywidualne Mistrzostwa Polski Juniorow do lat 16 - Chlopcy"]
[Site "Szklarska Poreba"]
[Date "1899-12-30"]
[Round "3.18"]
[White "Golenia, Wojciech"]
[Black "Trybus, Daniel"]
[Result "1/2-1/2"]
[WhiteTitle "k"]
[BlackTitle "I+"]
[WhiteElo "2179"]
[BlackElo "1914"]

1. d4 c5 2. c3 Nf6 3. Nf3 d5 4. Bf4 cxd4 5. cxd4 Nc6 6. Nc3 Bf5 7. e3 e6 8. a3
Be7 9. Bd3 Bxd3 10. Qxd3 O-O 11. O-O Nh5 12. Bg3 Nxg3 13. hxg3 Na5 14. Nd2 Rc8
15. Na4 Qc7 16. b4 Qc6 17. Rfb1 Qxa4 18. bxa5 Rc7 19. a6 b6 20. Rb3 Qa5 21. Nf3
Rfc8 22. Qb5 Rc1+ 23. Rxc1 Rxc1+ 24. Kh2 Qxb5 25. Rxb5 f6 26. Rb3 Rc4 27. Nd2
Ra4 28. Nb1 Rxa6 29. Rc3 Ra5 30. Rc8+ Kf7 31. Rc7 Rb5 32. Nc3 Rb3 33. e4 Ke8 34.
exd5 Kd8 35. Rc6 Kd7 36. Rc4 b5 37. dxe6+ Kxe6 38. Rc6+ Kd7 39. d5 Rxa3 40. Nxb5
Ra5 41. Rc7+ Kd8 42. Rb7 Bc5 43. Rb8+ Kd7 44. Rb7+ Kd8 45. f4 Bb6 46. Rb8+ Ke7
47. Rb7+ Kd8 48. Nc3 Ra3 49. Ne4 Re3 50. Nd6 Re7 51. Nf7+ Ke8 52. Nd6+ Kd8 53.
Nf7+ Ke8 1/2-1/2

[Event "Indywidualne Mistrzostwa Polski Juniorow do lat 16 - Chlopcy"]
[Site "Szklarska Poreba"]
[Date "1899-12-30"]
[Round "3.19"]
[White "Warchol, Bartosz"]
[Black "Bojczewski, Mateusz"]
[Result "1/2-1/2"]
[WhiteTitle "I++"]
[BlackTitle "I+"]
[WhiteElo "2033"]
[BlackElo "1751"]

1. d4 Nf6 2. c4 e6 3. Nf3 d5 4. Nc3 c6 5. Bf4 Nbd7 6. e3 Be7 7. h3 O-O 8. c5 b6
9. b4 bxc5 10. bxc5 Qa5 11. Qd2 Ba6 12. Be2 Bxe2 13. Nxe2 Qxd2+ 14. Nxd2 e5 15.
dxe5 Ne4 16. Nxe4 dxe4 17. Nd4 Rac8 18. O-O Bxc5 19. Rfd1 Bxd4 20. Rxd4 Nb6 21.
Rxe4 c5 22. e6 f6 23. a4 a5 24. Bd6 Rfe8 25. Rb1 f5 26. Rf4 Rc6 27. Bxc5 Nd5 28.
Rxf5 Rxc5 29. e4 Nc3 30. Rxc5 Nxb1 31. Rxa5 Rxe6 32. e5 g5 33. g3 Kg7 34. Kg2
Kg6 35. f4 Nd2 36. Ra7 gxf4 37. gxf4 Kf5 38. Rxh7 Kxf4 39. Rh5 Nf3 40. Kf2 Nxe5
41. Rh4+ 1/2-1/2

[Event "Indywidualne Mistrzostwa Polski Juniorow do lat 16 - Chlopcy"]
[Site "Szklarska Poreba"]
[Date "1899-12-30"]
[Round "3.20"]
[White "Oborski, Artur"]
[Black "Pelka, Michal"]
[Result "1/2-1/2"]
[WhiteTitle "I++"]
[BlackTitle "I"]
[WhiteElo "2023"]
[BlackElo "1745"]

1. d4 Nf6 2. c4 e6 3. Nf3 b6 4. a3 h6 5. Nc3 Bb7 6. Qc2 c5 7. dxc5 Bxc5 8. Bf4
Nh5 9. Bg3 Nxg3 10. hxg3 Nc6 11. e3 a5 12. Rd1 Qe7 13. Be2 d6 14. Ne4 O-O-O 15.
O-O f5 16. Nxc5 dxc5 17. Rxd8+ Rxd8 18. Rd1 Qf6 19. Rxd8+ Kxd8 20. Nd2 g5 21.
Nb1 f4 22. Nc3 fxe3 23. fxe3 Qe5 24. Qd3+ Kc8 25. Nb5 Qxg3 26. Nd6+ Kb8 27. Nxb7
Kxb7 28. Qd7+ Qc7 29. Qxe6 Qe7 30. Qxe7+ Nxe7 31. Kf2 Kc7 32. Kf3 Kd6 33. Ke4
Ke6 34. Bh5 Kf6 35. Be8 Ke6 36. g4 Ng8 37. Bc6 Nf6+ 38. Kf3 Ke5 39. b3 Ng8 40.
Bd7 Nf6 41. Bc6 1/2-1/2

[Event "Indywidualne Mistrzostwa Polski Juniorow do lat 16 - Chlopcy"]
[Site "Szklarska Poreba"]
[Date "1899-12-30"]
[Round "3.21"]
[White "Bujalski, Mateusz"]
[Black "Piekielny, Pawel"]
[Result "0-1"]
[WhiteTitle "I"]
[BlackTitle "I++"]
[WhiteElo "1658"]
[BlackElo "2017"]

1. e4 e6 2. d4 d5 3. e5 c5 4. c3 Nc6 5. Nf3 Qb6 6. Be2 cxd4 7. cxd4 Nh6 8. Nc3
Nf5 9. Bb5 Bd7 10. Bxc6 Bxc6 11. O-O Be7 12. g4 Nh4 13. Nxh4 Bxh4 14. f4 O-O-O
15. Qd3 Be7 16. a3 Qb3 17. Be3 a6 18. Rfc1 Kb8 19. Qc2 Qb6 20. b4 Rc8 21. Qd3
Bd7 22. Nd1 g6 23. Bf2 h5 24. g5 Bb5 25. Qd2 Bc4 26. Rc3 Rc6 27. Rac1 a5 28. bxa5
Qxa5 29. Be3 Rhc8 30. Nb2 Qa6 31. Nxc4 Rxc4 32. Rxc4 Rxc4 33. Rxc4 Qxc4 34. Qb2
Qd3 35. Bc1 Ka7 36. Kg2 Bd8 37. Kf2 Ba5 38. Qe2 Qxe2+ 39. Kxe2 Kb6 40. Kd3 Kb5
41. Kc2 Kc4 42. Be3 Bb6 43. h4 Bxd4 0-1

[Event "Indywidualne Mistrzostwa Polski Juniorow do lat 16 - Chlopcy"]
[Site "Szklarska Poreba"]
[Date "1899-12-30"]
[Round "3.22"]
[White "Maciejewski, Kamil"]
[Black "Paprocki, Stanislaw"]
[Result "1/2-1/2"]
[WhiteTitle "I"]
[BlackTitle "I"]
[WhiteElo "1930"]
[BlackElo "1824"]

1. Nf3 d5 2. g3 c5 3. Bg2 Nc6 4. d4 e6 5. O-O Nf6 6. c4 dxc4 7. dxc5 Qxd1 8. Rxd1
Bxc5 9. Nbd2 c3 10. bxc3 O-O 11. Nb3 Be7 12. c4 Bd7 13. Bb2 Rfd8 14. Rac1 a5 15.
Nbd4 Bc5 16. Nb3 Be7 17. Nbd4 Bc5 18. e3 Ng4 19. h3 Nf6 20. Rb1 Rac8 21. Ba1 b6
22. Ng5 Ne7 23. Nb3 Nf5 24. Nxc5 bxc5 25. Bxf6 gxf6 26. Ne4 Kg7 27. Rd2 Bc6 28.
Rbd1 Rxd2 29. Rxd2 Ne7 30. Nc3 Bxg2 31. Kxg2 Nc6 32. f4 Rc7 33. Nb5 Rb7 34. Rd6
Nb4 35. a3 Nc2 36. Kf2 a4 37. Ke2 Na1 38. g4 Nb3 39. Rd8 e5 40. fxe5 fxe5 41.
Rd5 Rb6 42. g5 f6 43. gxf6+ Kxf6 44. Rd7 h6 45. Ra7 Kf5 46. Rxa4 Rg6 47. Ra8 e4
48. Rf8+ Ke5 49. Re8+ Kf5 50. Kf2 Nc1 51. Nc3 Nd3+ 52. Kf1 Rg3 53. Rxe4 Rxh3 54.
Ke2 Nb2 55. Rf4+ Ke5 56. Re4+ Kf5 57. Rf4+ Ke5 58. Nb5 Rh2+ 59. Kf3 Nd3 60. Re4+
Kf6 61. Kg3 Rc2 62. Rh4 Kg6 63. Rg4+ Kf6 64. Nd6 Re2 65. Re4 Ra2 66. Nb5 Ra1 67.
Kf3 h5 68. Ke2 1/2-1/2

[Event "Indywidualne Mistrzostwa Polski Juniorow do lat 16 - Chlopcy"]
[Site "Szklarska Poreba"]
[Date "1899-12-30"]
[Round "3.23"]
[White "Cisek, Kamil"]
[Black "Musial, Tomasz"]
[Result "1/2-1/2"]
[WhiteTitle "I"]
[BlackTitle "k"]
[WhiteElo "1766"]
[BlackElo "1983"]

1. d4 Nf6 2. c4 e6 3. Nf3 b6 4. g3 Ba6 5. b3 Bb4+ 6. Bd2 Be7 7. Bg2 c6 8. O-O d5
9. Ne5 O-O 10. Bc3 Nfd7 11. Nxd7 Nxd7 12. Nd2 Rc8 13. e4 dxe4 14. Bxe4 c5 15.
dxc5 Nxc5 16. Bc2 Bf6 17. Bxf6 Qxf6 18. Ne4 Nxe4 19. Bxe4 Rfd8 20. Qe2 Rd4 21.
Rfd1 Rcd8 22. Bf3 Kf8 23. Rxd4 Qxd4 24. Rd1 Qxd1+ 25. Qxd1 Rxd1+ 26. Bxd1 Ke7
27. Be2 Bb7 28. f4 Kd6 29. b4 e5 30. Kf2 exf4 31. gxf4 h6 32. h4 Ke6 33. Bd3 f6
34. h5 Bc6 35. Ke3 Be8 36. Be2 g6 37. hxg6 Bxg6 38. Bf3 Kd6 39. Kd4 Bf7 40. f5
Be8 41. a3 1/2-1/2

[Event "Indywidualne Mistrzostwa Polski Juniorow do lat 16 - Chlopcy"]
[Site "Szklarska Poreba"]
[Date "1899-12-30"]
[Round "3.24"]
[White "Koziorowicz, Michal"]
[Black "Gardian, Adam"]
[Result "1-0"]
[WhiteTitle "I++"]
[BlackTitle "I"]
[WhiteElo "1919"]
[BlackElo "1612"]

1. e4 d6 2. d4 Nf6 3. Nc3 Nbd7 4. g4 h6 5. Be3 e5 6. h3 c6 7. Qd2 Qc7 8. f4 Be7
9. Nf3 a6 10. a3 b5 11. Qh2 exd4 12. Nxd4 g6 13. Bg2 Bb7 14. Nf3 O-O 15. f5 Kh7
16. g5 Nh5 17. O-O-O Ne5 18. f6 Bd8 19. Nxe5 dxe5 20. Bf3 Nf4 21. Bxf4 exf4 22.
h4 h5 23. Qe2 Rh8 24. e5 Bc8 25. Rd6 Be6 26. Rxc6 Bc4 27. Rxc4 bxc4 28. Bxa8 Qa5
29. Qxc4 1-0

[Event "Indywidualne Mistrzostwa Polski Juniorow do lat 16 - Chlopcy"]
[Site "Szklarska Poreba"]
[Date "1899-12-30"]
[Round "3.25"]
[White "Bartoszewski-reiski, Olaf"]
[Black "Chaczynski, Kamil"]
[Result "0-1"]
[WhiteTitle "I+"]
[BlackTitle "I"]
[WhiteElo "1707"]
[BlackElo "1773"]

1. e4 e6 2. Nf3 d5 3. Nc3 Nf6 4. e5 Nfd7 5. d4 c5 6. dxc5 Nc6 7. Bf4 Nxc5 8. Bd3
Be7 9. Qe2 a6 10. h4 b5 11. a3 Qb6 12. b4 Nd7 13. Rb1 Bb7 14. Qd2 Rc8 15. Rh3
Qc7 16. Nxd5 exd5 17. e6 Nde5 18. exf7+ Kf8 19. Ng5 Bxg5 20. Bxg5 Nd4 21. Bxh7
Nxc2+ 22. Bxc2 Qxc2 23. Qxc2 Rxc2 24. Re3 Nxf7 25. Be7+ Kg8 26. g3 g5 27. Bf6
Rh6 28. Re8+ Kh7 29. Bxg5 Nxg5 30. Re7+ Kg8 31. Rxb7 Nf3+ 32. Kf1 Nd2+ 0-1

[Event "Indywidualne Mistrzostwa Polski Juniorow do lat 16 - Chlopcy"]
[Site "Szklarska Poreba"]
[Date "1899-12-30"]
[Round "4.1"]
[White "Baum, Jonasz"]
[Black "Mis, Mieszko"]
[Result "1/2-1/2"]
[WhiteTitle "FM"]
[BlackTitle "FM"]
[WhiteElo "2290"]
[BlackElo "2272"]

1. d4 Nf6 2. c4 e6 3. g3 c5 4. Nf3 cxd4 5. Nxd4 d5 6. Bg2 e5 7. Nf3 d4 8. O-O Nc6
9. e3 Be7 10. exd4 exd4 11. b3 O-O 12. Bb2 Bc5 13. Nbd2 Re8 14. a3 a5 15. Re1
Bf5 16. Nh4 Qd7 17. Nxf5 Qxf5 18. Nf3 Ne4 19. Re2 Nc3 20. Bxc3 dxc3 21. Rxe8+
Rxe8 22. Qd5 Qxd5 23. cxd5 Nd4 24. Nxd4 Bxd4 25. Kf1 Kf8 26. Rc1 Re5 27. Rc2 Ke7
28. Re2 Rxe2 29. Kxe2 Bxf2 30. Kd3 Bg1 31. h3 Bh2 32. g4 Be5 33. d6+ Kxd6 34.
Bxb7 Ke6 35. b4 axb4 36. axb4 g6 37. h4 f5 38. h5 fxg4 39. Bc8+ Kf6 40. Bxg4 g5
41. b5 Bd4 42. b6 Bxb6 43. Kxc3 Ke5 44. Kd3 Kf4 45. Bd7 g4 46. Ke2 Kg5 47. Kf1
Kxh5 48. Bxg4+ Kxg4 49. Kg2 h5 50. Kh1 Kh3 1/2-1/2